000
00317 a2200157 4500
001
63662
020
_a
8573903937
040
_c
Anchieta - Pituba
100
_a
Alencar, José de
240
1
0
_a
Iracema
_l
por
245
1
0
_a
Iracema
300
_a
126
362
0
_a
2003
650
4
_a
Ficção brasileira
942
_c
BK
999
_c
63662
_d
63662